000
00257nam a2200097Ia 4500
001
922922
005
20250826191453.0
008
250824s9999 xx 000 0 und d
245
0
_a
DEVLETİN GİZLİ SAHİPLERİ
_c
HALİL YAŞAR KOLLU
260
_b
LOPUS YAYINLARI
999
_c
922922
_d
922922